000 00255nam a2200109Ia 4500
008 220120s9999||||xx |||||||||||||| ||und||
082 _a005.73 MAH
100 _aMahesh, S.M
245 0 _aData structures with C
260 _bBangalore
300 _a343p.
_b0
999 _c136364
_d136364